00581nam a2200157 a 4500008004100000050001900041100001900060245008900079260004000168300002000208350000900228490003200237650005900269650007600328650001900404081029s1999 ||||||||||||||||| || u aIBRD(08)TP/438 aBorjas, George10aEconomic Research on the Determinants of immigration: lessons for the European Union aWashington, D. C.bWorld Bankc1999 avii, 27p. :ill. a0.00 aWorld Bank Technical Papers aEMIGRATION AND IMMIGRATION--ECONOMIC ASPECTS--RESEARCH aEUROPEAN UNION COUNTRIES--EMIGRATION AND IMMIGRATION--GOVERNMENT POLICY aEUROPEAN UNION